000 00617cam a2200253 4500
008 090401t1987 xxu||||| |||| 00| 0 eng d
020 _a0835910040
035 _a(Sirsi) u19957
041 _aeng
050 _a692.80973
100 _aCollier, Keith
245 _aConstruction contracts
250 _a2nd ed.
260 _aEnglewood Cliffs,N.J
_bReston
_c1987
300 _axvi,320p. ; 24cm.
350 _a0
650 _aBUILT ENVIRONMENT-BUILDING CONTRACT FORMS
650 _aCANADA
650 _aLIEN
650 _aMECHANICS LIEN
650 _aUNITED STATES
942 _n0
948 _c04/03/1997
999 _c87738
_d87738